000 00558cam a2200193 4500500
005 20260405003042.0
041 _afre
042 _adc
100 1 0 _aRontard, Yseult
_eauthor
245 0 0 _aLe Deuxième Sexe
260 _c2020.
500 _a73
690 _aAliénation
690 _aFéminisme
690 _aFemme
690 _aSimone de Beauvoir
786 0 _nPhilosophie magazine | 139 | 6 | 2020-06-01 | p. 57-57 | 1951-1787
856 4 1 _uhttps://shs.cairn.info/magazine-philosophie-magazine-2020-6-page-57?lang=fr&redirect-ssocas=7080
999 _c2063950
_d2063950